[Event "Poznan op 28th"]
[Site "Poznan"]
[Date "2021.08.17"]
[Round "4"]
[White "Poltorak, Sebastian"]
[Black "Zakrzewski, Marek"]
[Result "1-0"]
[WhiteElo "2205"]
[BlackElo "2295"]
[PlyCount "145"]
[EventDate "2021.08.15"]
[EventType "swiss"]
[EventRounds "9"]
[EventCountry "POL"]
[SourceTitle "CBM 203 Extra"]
[Source "ChessBase"]
[SourceDate "2021.09.30"]
[SourceVersion "1"]
[SourceVersionDate "2021.09.30"]
[SourceQuality "1"]

1. e4 c5 2. Nc3 e6 3. g3 d5 4. Bg2 d4 5. Nce2 d3 6. cxd3 Nc6 7. Nf3 e5 8. 0-0 Bd6 9. d4 cxd4 10. d3 Nge7 11. Ne1 Be6 12. f4 f6 13. Nf3 h6 14. Bd2 g5 15. a3 Qd7 16. b4 a6 17. Kh1 Rc8 18. Qb1 0-0 19. Qb2 Na7 20. a4 Qc7 21. Ne1 Kh7 22. h3 Qd7 23. Kh2 Rg8 24. f5 Bf7 25. g4 h5 26. gxh5 Bxh5 27. Ng3 Bf7 28. Bf3 Qe8 29. Kg2 Rh8 30. Rh1 Kg7 31. Bd1 Rh7 32. Nf3 Qc6 33. Bb3 Qe8 34. Nh2 Bxb3 35. Qxb3 Qf7 36. Qb2 Ng8 37. Rhc1 Kf8 38. b5 Rxc1 39. Rxc1 axb5 40. axb5 Qe8 41. b6 Nc6 42. Ng4 Rd7 43. Ra1 Rd8 44. Qa2 Qf7 45. Qa4 Qd7 46. Rh1 Nb4 47. Qb3 Qf7 48. Qxf7+ Kxf7 49. Bxb4 Bxb4 50. h4 gxh4 51. Rxh4 Be7 52. Rh7+ Kf8 53. Nh5 Rd6 54. Ng7 Rxb6 55. Ne6+ Rxe6 56. fxe6 b5 57. Kf2 Ke8 58. Ke2 Kf8 59. Kd1 Ke8 60. Kc2 Kf8 61. Kb3 Ke8 62. Rh8 Kf8 63. Nh6 Kg7 64. Rxg8+ Kxh6 65. Re8 Bc5 66. e7 Kg7 67. Rg8+ Kxg8 68. e8Q+ Kg7 69. Qxb5 Bf8 70. Kc4 Kh6 71. Qd7 Bg7 72. Qf5 Bh8 73. Kd5 1-0